00599nam a2200169Ia 4500001001000000003000500010008004100015010001100056040000900067082001900076111009600095245010400191260005000295300001100345650003200356710004100388Para_1223CHAP220125s1992 xx 000 0 und d a199949 cCHAP aPA 632 C6 1992 aCongreso Nacional de la Sociedad de Fitopatología (19:1992:Buenavista, Saltillo Coahuila) aMemorias /c por Sociedad Mexicana de Fitopatología, Universidad Autónoma Agraria Antonio Narro aBuenavista, Saltillo Coahuila :b La sociedad a219 p. aFitopatologíax Congresos aSociedad Mexicana de Fitopatología